ewige Tabelle der 1. Frauen-Bundesliga - Statistiken

Allgemein
  • Dieses Quiz wurde 263 mal gespielt
    118 seit der letzten Aktualisierung
  • Das Durchschnittsergebnis liegt bei 15 aus 54
Antwortstatistiken
Platz Punkte Verein % Korrekt
4 1177 FC Bayern München
97%
2 1249 VfL Wolfsburg
97%
1 1594 Eintracht Frankfurt
96%
2 1230 1. FFC Turbine Potsdam
93%
7 615 1. FC Köln
87%
30 53 RB Leipzig
85%
13 429 Bayer 04 Leverkusen
84%
23 158 Werder Bremen
81%
36 24 1. FC Nürnberg
78%
17 261 Hamburger SV
77%
6 665 SC Freiburg
77%
8 596 SGS Essen
77%
24 141 Tennis Borussia Berlin
68%
14 417 TSG 1899 Hoffenheim
64%
18 238 Carl Zeiss Jena
61%
5 1050 MSV Duisburg
61%
22 166 Fortuna Sachsenroß Hannover
41%
50 7 Borussia Mönchengladbach
39%
15 342 1. FC Saarbrücken
28%
19 207 SC Sand
28%
33 31 SV Meppen
27%
9 568 FSV Frankfurt
15%
32 35 VfL Ulm/Neu-Ulm
15%
37 24 Herforder SV
5%
11 465 Sportfreunde Siegen
5%
21 185 VfL Sindelfingen
4%
12 453 FFC Heike Rheine
3%
31 37 TuS Wörrstadt
3%
10 493 SC 07 Bad Neuenahr
2%
45 13 1. FC Lokomotive Leipzig
1%
53 0 1. FC Union Berlin
1%
42 17 BV Cloppenburg
1%
29 56 FFC Flaesheim-Hillen
1%
38 23 FFC Wacker München
1%
39 23 FSV Schwarzbach
1%
28 89 Schmalfelder SV
1%
20 204 SC Klinge Seckach
1%
47 9 STV Lövenich
1%
44 14 SV Wilhelmshaven
1%
35 25 TSV Battenberg
1%
26 108 TSV Crailsheim
1%
34 27 TSV Ludwigsburg
1%
16 321 TuS Niederkirchen
1%
46 12 VfL Wittekind Wildeshausen
1%
43 14 Wismut Aue
1%
54 0 1. FC Neukölln
0%
49 7 FSV Gütersloh 2009
0%
27 101 KBC Duisburg
0%
51 6 Polizei SV Rostock
0%
40 22 SC Poppenbüttel
0%
41 22 SG Wattenscheid 09
0%
25 139 TuS Ahrbach
0%
48 9 TuS Binzen
0%
52 4 TV Jahn Delmenhorst
0%
Keine übereinstimmenden Quizze gefunden
Verteilung der Resultate
Anzahl Personen mit jedem Resultat
Perzentil nach korrekt beantworteten Fragen
Ihre Resultats-Entwicklung
Sie haben dieses Quiz seit der letzten Aktualisierung nicht gespielt